000 00634nam a2200193Ia 4500
005 20250508155706.0
008 008 250505s9999 xx 000 0 eng d
037 _aDissertations
040 _aFEDL
_beng
_cFEDL
041 _aeng
_2eng
084 _a530.709 545 6, SHA/DI
_qFEDL
100 _aSharma Pramod Chandra
_9767294
245 0 _aStudy of teaching role perception physics teachers of higher sec.schools of the union territory of Delhi
260 _c1970
300 _a92p.
546 _aM.Ed. Dissertation (Delhi University)
942 _cDIS
_h530.709 545 6, SHA/DI
999 _c1358830
_d1358830